000 00469nam a2200157 i 4500
001 84112
003 ES-MaACL
005 20230906174939.0
007 t|
008 041119s1970 sp ||||1| spa d
100 1 _aIzquierdo Benito, Ricardo.
_965720
245 1 0 _aIrún /
_cRicardo Izquierdo Benito.
260 _aSan Sebastián :
_bCaja de Ahorros Municipal de San Sebastián,
_c1970.
300 _a130 p., 11 lám. ;
_c20 cm.
852 _aES-MaACL
_jC-48653
_bR.74386
999 _c84112
_d84112